مكتبة جامعة عجلون الوطنية

فهرس بحث المكتبة

ثقافتنا العربية بين الايمان والالحاد: مناظرة بين فيلكس فارس وحسن اسماعيل (Record no. 4125)

MARC details
000 -LEADER
fixed length control field 00916nam a2200217Ii 4500
003 - CONTROL NUMBER IDENTIFIER
control field JO-AjNU
008 - FIXED-LENGTH DATA ELEMENTS--GENERAL INFORMATION
fixed length control field 230605s9999||||xx |||||||||||||| ||und||
017 ## - COPYRIGHT OR LEGAL DEPOSIT NUMBER
Copyright or legal deposit number 200/9514
020 ## - INTERNATIONAL STANDARD BOOK NUMBER
International Standard Book Number 977-5937-41-8
040 ## - CATALOGING SOURCE
Original cataloging agency JO-AjNU
Language of cataloging ara
Description conventions rda
Transcribing agency JO-AjNU
041 ## - LANGUAGE CODE
Language code of text/sound track or separate title ara
050 14 - LIBRARY OF CONGRESS CALL NUMBER
Classification number DS36.88.N3742 2003
100 3# - MAIN ENTRY--PERSONAL NAME
Personal name بقلم نصار، عصمت؛ تصدير الخضيري، زينب محمود ,
Relator term author
9 (RLIN) 7987
245 00 - TITLE STATEMENT
Title ثقافتنا العربية بين الايمان والالحاد: مناظرة بين فيلكس فارس وحسن اسماعيل
264 31 - PRODUCTION, PUBLICATION, DISTRIBUTION, MANUFACTURE, AND COPYRIGHT NOTICE
Place of production, publication, distribution, manufacture الاسكندرية: المكتبة المصرية، 2003
300 ## - PHYSICAL DESCRIPTION
Extent 459ص
336 ## - CONTENT TYPE
Content type term text
Content type code txt
Source rdacontent
337 ## - MEDIA TYPE
Media type term unmediated
Media type code n
Source rdamedia
338 ## - CARRIER TYPE
Carrier type term volume
Carrier type code nc
Source rdacarrier
650 #4 - SUBJECT ADDED ENTRY--TOPICAL TERM
Topical term or geographic name entry element عالم عربي- الحياة الفكرية- القرن العشرون، فارس فيلكس، اسماعيل ادهم 1911-1940
9 (RLIN) 7988
Holdings
Withdrawn status Lost status Source of classification or shelving scheme Damaged status Not for loan Home library Current library Shelving location Date acquired Total Checkouts Full call number Barcode Date last seen Price effective from Koha item type
    Library of Congress Classification     مكتبة جامعة عجلون الوطنية مكتبة جامعة عجلون الوطنية المجموعات العامة 06/06/2023   DS36.88.N3742 2003 A557 06/06/2023 06/06/2023 Books